000 00564nam a2200181Ia 4500
008 090124s9999 xx 000 0 und d
082 _b38280
100 _aकणेकर शिरीष
245 _a डॉलरच्या देशा
250 _a0
260 _b"लिटरेट वर्ल्ड ,"
_c2002
300 _a179
600 _aकणेकर शिरीष
630 _a डॉलरच्या देशा
700 _aकणेकर शिरीष
730 _a डॉलरच्या देशा
942 _cBOOK
999 _c105796
_d105796